| 000 | 00426nam a2200109Ia 4500 | ||
|---|---|---|---|
| 008 | 171204s9999 xx 000 0 und d | ||
| 245 | _aDigitising the Industry - Internet of Things Connecting the Physical, Digital and Virtual Worlds: | ||
| 245 | _cDr Ovidiu Vermesan and Dr Peter Friess | ||
| 260 | _c2016 | ||
| 650 | _xDIGITAL INFORMATION AND COMMUNICATION DEVELOPMENT | ||
| 856 | _uhttp://down.ebook777.com/040/8793379811.pdf | ||
| 999 |
_c346300 _d346300 |
||